|
|
|
|
| LEADER |
00000nam a22000007a 4500 |
| 005 |
2018032001491.0 |
| 007 |
cr|||| |||| |
| 008 |
180320s2017 br |||||s|||| 00||0 por d |
| 020 |
|
|
|a 978-85-361-9348-9
|
| 035 |
|
|
|a 21123
|
| 040 |
|
|
|a vLex
|
| 090 |
|
|
|c 7526
|d 7526
|
| 100 |
1 |
|
|a Salum, Flv̀ia
|
| 245 |
1 |
0 |
|a Temas Atuais da Seguridade Social
|h [Recurso electrn̤ico] /
|c Flv̀ia Salum, Luciana Moraes de Farias
|
| 256 |
|
|
|a Servicio en ln̕ea
|
| 260 |
|
|
|a San Pablo:
|b LTR,
|c 2017
|
| 300 |
|
|
|a 1 recurso electrn̤ico
|
| 506 |
1 |
|
|a Disponible solo en los productos indicados
|d vLex Global
|d vLex Global (Academic Edition, excluding Law Schools)
|d vLex Global (U.S. Academic Edition, Law Schools)
|d vLex Global (U.S. Academic Edition, excluding Law Schools)
|d vLex Global (Academic Edition, Law Schools)
|
| 650 |
0 |
4 |
|a Derecho Laboral y Seguridad Social
|z Brasil
|
| 700 |
1 |
|
|a Moraes de Farias, Luciana
|
| 740 |
0 |
|
|a vLex Libros (Servicio en ln̕ea)
|
| 856 |
4 |
0 |
|u http://vlex.com/source/temas-atuais-seguridade-social-21123
|z Acceso restringido
|
| 942 |
|
|
|c BOOK
|
| 999 |
0 |
|
|a Labor law and social security
|